|
|
|
|
| LEADER |
00000cam a2200000 a 4500 |
| 003 |
Ucuenca |
| 005 |
20231208062653.0 |
| 006 |
a||||fr||||a001 0 |
| 007 |
ta |
| 008 |
000000s1949 ag fr||||a||1|||spa a |
| 040 |
|
|
|b spa
|a UCuenca-cdrjbv
|c UCuenca
|e rda
|
| 041 |
0 |
|
|a spa
|
| 082 |
0 |
|
|2 21
|a 901
|c 50852
|
| 100 |
1 |
|
|9 58279
|a Eliot, Tomas Stearns.
|d 1888-1965
|e autor
|
| 245 |
1 |
0 |
|a Notas para la definición de la cultura /
|c T. S. Eliot.
|
| 250 |
|
|
|a Primera edición.
|
| 264 |
|
1 |
|a Buenos Aires:
|b Emecé Editores,
|c 1949.
|
| 300 |
|
|
|a 200 páginas:
|c 19 cm
|
| 336 |
|
|
|2 rdacontent
|a texto
|b txt
|
| 337 |
|
|
|2 rdamedia
|a no mediado
|b n
|
| 338 |
|
|
|2 rdacarrier
|a volumen
|b nc
|
| 504 |
|
|
|a incl. ref.
|
| 505 |
1 |
|
|a Los tres sentidos de la cultura -- La clase y la élite -- Unidad y diversidad: la región -- Unidad y diversidad: secta y culto -- Una nota sobre la cultura y la política -- Nota sobre educación y cultura. Conclusión -- La unidad de la cultura europea.
|
| 650 |
1 |
0 |
|a Historia
|9 94
|
| 650 |
1 |
7 |
|2 UCuenca-cdrjbv
|9 146
|a Cultura
|
| 650 |
1 |
7 |
|2 UCuenca-cdrjbv
|9 9035
|a Civilización
|
| 650 |
1 |
7 |
|2 UCuenca-cdrjbv
|9 1164
|a Religión
|
| 650 |
1 |
7 |
|a Sociedad
|9 6
|
| 651 |
|
|
|2 UCuenca-cdrjbv
|
| 852 |
|
|
|a UC-CDJBV
|f Donación
|l 1
|m General
|p 00000000
|r 2
|t 50852
|b 0
|d CDRC
|e CDRC
|g 901 TERCER PISO
|z 0000-00-00
|
| 942 |
|
|
|2 ddc
|c BK
|0 1
|r erika.idrovos@ucuenca.edu.ec
|
| 999 |
|
|
|c 33750
|d 33750
|